Loading...

A comprehensive english grammer /

Bibliographic Details
Main Author: Sharma, Raj Kukmar
Other Authors: Sing, Bhushan
Format: Printed Book
Language:English
Published: New Delhi : Atlantic Publishers & Distributers,Atlantic Publishers & Distributers, 2018.
Subjects:
LEADER 00673nam a22001697a 4500
008 180518b xxu||||| |||| 00| 0 eng d
999 |c 23101  |d 23101 
020 |a 9788126920112 
082 |a 425  |b SHA 
100 |a Sharma, Raj Kukmar 
245 |a A comprehensive english grammer /  |c Raj Kumar Sharma and Bhushan Singh 
260 |a New Delhi :  |b Atlantic Publishers & Distributers,Atlantic Publishers & Distributers,  |c 2018. 
300 |a 392p. 
650 |a English language 
700 |a Sing, Bhushan 
942 |2 ddc  |c BK 
952 |0 0  |1 0  |2 ddc  |4 0  |6 425_000000000000000_SHA  |7 0  |9 31786  |a MAIN  |b MAIN  |d 2018-05-18  |e Current Books  |g 895.00  |l 1  |o 425 SHA  |p 31826  |r 2019-02-02  |s 2019-01-05  |t 1  |w 2018-05-18  |y BK